| 000 | 01441nam a2200265Ia 4500 | ||
|---|---|---|---|
| 005 | 20221019115518.0 | ||
| 008 | 130821s1852 ck fr spa | ||
| 040 |
_aCo-BoUCM _bspa _cSandra Yazo (modificó) _dSandra Yazo (modificó) |
||
| 041 | _aspa | ||
| 082 | 0 | 4 |
_a342.9861 _220 |
| 092 | _aE58N024 | ||
| 100 | 1 |
_aPinzón, Cerbeleón _d1813-1870 _9102930 |
|
| 245 | 1 | 0 |
_aTratado de ciencia constitucional _cCerbeleón Pinzón |
| 250 | _aSegunda edición | ||
| 260 |
_aBogotá (Colombia) _bImprenta del Neogranadino _c1852 |
||
| 300 |
_a192 páginas _c22 x 16 cm. |
||
| 500 | _aDetalles físicos: Encuadernación rígida (holandesa) en cartón forrado en papel, lomo en percalina, con faltante en la parte superior. Guardas, la delantera con una nota de pertenencia, José Tomás Monroi. Bogotá julio 8 de 1868 y en la guarda posterior una anotación manuscrita. Anteportada. Portada impresa en una sola tinta. Texto en una sola columna. Papel con algunas manchas. | ||
| 505 | 2 | _aNociones preliminares ; Organización de los poderes simples de la soberanía: Poder legislativo, ejecutivo, judicial. Derechos y de las garantías generales ; Poder seccional ; Poder constituyente o electoral. | |
| 506 | _aConsulta en sala | ||
| 650 | 7 |
_aElecciones _913957 |
|
| 650 | 7 |
_aPoder público _921765 |
|
| 650 | 7 |
_aTeoría constitucional _925257 |
|
| 690 |
_aDerecho constitucional _912725 |
||
| 942 |
_cLIBRO _a8 _e2 _n0 _hE58N024 _2LOCAL |
||
| 999 |
_c207 _d207 |
||